Torschützenliste der Fußball-Bundesliga 2018-2019 - Statistiken

Allgemein
  • Dieses Quiz wurde 103 mal gespielt
  • Das Durchschnittsergebnis liegt bei 9 aus 11
Antwortstatistiken
Tore Nationalität Verein Spieler % Korrekt
22 Polen FC Bayern München Robert Lewandowski
100%
17 Kroatien TSG 1899 Hoffenheim Andrej Kramarić
95%
17 Deutschalnd Borussia Dortmund Marco Reus
95%
16 Deutschalnd RB Leipzig Timo Werner
95%
17 Serbien Eintracht Frankfurt Luka Jović
90%
18 Spanien Borussia Dortmund Paco Alcácer
89%
17 Niederlande VfL Wolfsburg Wout Weghorst
89%
15 Dänemark RB Leipzig Yussuf Poulsen
89%
15 Frankreich Eintracht Frankfurt Sébastien Haller
76%
17 Deutschalnd Bayer 04 Leverkusen Kai Havertz
70%
16 Algerien TSG 1899 Hoffenheim Ishak Belfodil
36%
Keine übereinstimmenden Quizze gefunden
Verteilung der Resultate
Anzahl Personen mit jedem Resultat
Perzentil nach korrekt beantworteten Fragen
Ihre Resultats-Entwicklung
Sie haben dieses Quiz noch nicht gespielt